00768nam a2200205Ia 4500003000400000005001700004008004100021020002900062040001700091082001800108100002500126245007000151260002800221300001700249650002400266942000900290952012500299952012500424999001300549IIN20240618130213.0231217s9999 xx 000 0 und d cRs.695.00a9789385999161 aIINbEnglish a610.7307bSOD1 aSodhi, Jaspreet Kaur1 aComprehensive Textbook of Nursing Education/cJaspreet Kaur Sodhi bJaypeeaNew Delhic2017 axvii, 605 p.1 aEducationvNursing  cBOOK 00102ddc40708Purches BookaIINbIINd2023-12-17g695.00l0o610.7307 SODp231r2023-12-17 21:32:15w2023-12-17yBOOK 00102ddc40708Purches BookaIINbIINd2023-12-17g695.00l0o610.7307 SODp232r2023-12-17 21:32:15w2023-12-17yBOOK c236d236